000 00507nam a22001337a 4500
082 _a388.112
_bEXP
_cD
110 _aU.S. Department of Transportation
_938592
245 _aExploring the application of benefit/cost methodologies to transportation infrastructure decision making
_cU.S. Department of Transportation
260 _aWashington D.C:
_cJuly 1996.
_bThe world bank,
300 _axv, B11 p. :
_bill, :
_c28 cm.
526 _a0
_b0
_c0
_d388_112000000000000_EXP
650 _aMCE
_9379
942 _2ddc
_cBK
999 _c543226
_d543226